000 00426 a2200145 4500
999 _c6546
_d6546
020 _a1920113045
050 _aPL8771.07 BUT 2005
100 _aButhelezi, Jabulani C.
245 _aWhen Nelson R.D. Mandela became the state president:
_b(poetry) /
_cJabulani C. Buthelezi
264 _ano place of publication
_bKalahari
_c2005
300 _a122p. ;
500 _apoetry
650 _apoetry
942 _2lcc
_cBK
_h8771.07
_iBUT
_kPL